Creating space for child participation in local governence in Tanzania (Record no. 6993)
[ view plain ]
| 000 -LEADER | |
|---|---|
| fixed length control field | 00492nam a22001337a 4500 |
| 008 - FIXED-LENGTH DATA ELEMENTS--GENERAL INFORMATION | |
| fixed length control field | 200408b ||||| |||| 00| 0 eng d |
| 020 ## - INTERNATIONAL STANDARD BOOK NUMBER | |
| International Standard Book Number | 978-9987-615-62-9 |
| 100 ## - MAIN ENTRY--PERSONAL NAME | |
| Personal name | COUZENS,Meda |
| 245 ## - TITLE STATEMENT | |
| Title | Creating space for child participation in local governence in Tanzania |
| Remainder of title | Save the children and children's councils |
| Statement of responsibility, etc. | Meda Couzens and Koshuma Mtengeti |
| Medium | English |
| 260 ## - PUBLICATION, DISTRIBUTION, ETC. (IMPRINT) | |
| Place of publication, distribution, etc. | Dar Es Salaam |
| Name of publisher, distributor, etc. | Research on Poverty Alleviation |
| Date of publication, distribution, etc. | 2011 |
| 300 ## - PHYSICAL DESCRIPTION | |
| Extent | xi.64p. |
| Dimensions | 27cm |
| 650 ## - SUBJECT ADDED ENTRY--TOPICAL TERM | |
| Source of heading or term | Re[poa |
| 942 ## - ADDED ENTRY ELEMENTS (KOHA) | |
| Source of classification or shelving scheme | |
| Koha item type | BOOKS |
| Withdrawn status | Lost status | Source of classification or shelving scheme | Damaged status | Not for loan | Home library | Current library | Date acquired | Total Checkouts | Barcode | Date last seen | Price effective from | Koha item type |
|---|---|---|---|---|---|---|---|---|---|---|---|---|
| Mwanza | Mwanza | 08/04/2020 | 10000002771 | 08/04/2020 | 08/04/2020 | BOOKS |